Minnesota Counties Quiz - Statistics

General Stats
  • This quiz has been taken 7,945 times
  • The average score is 43 of 87
Answers on the Map
Answers color-coded by a green-red scale on the quiz's map according to % correct below.
 
Answer Stats
County % Correct
Lake
84%
Hennepin
82%
Washington
82%
Ramsey
73%
St. Louis
73%
Lake of the Woods
72%
Dakota
69%
Cook
67%
Anoka
65%
Blue Earth
65%
Lincoln
62%
Winona
61%
Jackson
60%
Red Lake
60%
Itasca
57%
Polk
57%
Mille Lacs
56%
Yellow Medicine
55%
Carver
54%
Cass
54%
Otter Tail
54%
Chisago
53%
Pine
53%
Stearns
53%
Beltrami
52%
Carlton
52%
Crow Wing
52%
Grant
52%
Koochiching
52%
Scott
52%
Clay
51%
Aitkin
50%
Olmsted
50%
Roseau
50%
Brown
49%
Houston
49%
Rock
49%
Goodhue
48%
Nicollet
48%
Wright
48%
Isanti
47%
Kittson
47%
Pipestone
47%
Rice
47%
Wabasha
47%
Benton
46%
Faribault
46%
Fillmore
46%
Marshall
46%
Redwood
46%
Sherburne
46%
Douglas
45%
Lac qui Parle
45%
Big Stone
44%
Chippewa
43%
Dodge
43%
Mower
43%
Pennington
43%
Pope
43%
Traverse
43%
Waseca
43%
Kandiyohi
42%
Sibley
42%
Todd
42%
Becker
41%
Freeborn
41%
Hubbard
41%
Morrison
41%
Steele
41%
Wadena
41%
Clearwater
40%
Renville
40%
Cottonwood
39%
Le Sueur
39%
Mahnomen
39%
Martin
39%
McLeod
39%
Nobles
39%
Kanabec
38%
Meeker
38%
Norman
38%
Lyon
37%
Stevens
37%
Swift
37%
Wilkin
35%
Murray
34%
Watonwan
33%
No matching quizzes found
Score Distribution
Percent of People with Each Score
Percentile by Number Answered
Your Score History
You have not taken this quiz